The metaphysical foundations of modern physical science : (Record no. 27994)
[ view plain ]
| 000 -LEADER | |
|---|---|
| fixed length control field | 01048cam a22002891 4500 |
| 001 - CONTROL NUMBER | |
| control field | 27994 |
| 003 - CONTROL NUMBER IDENTIFIER | |
| rucl marc code | BD-RjUL |
| 005 - DATE AND TIME OF LATEST TRANSACTION | |
| control field | 20211209051227.0 |
| 008 - FIXED-LENGTH DATA ELEMENTS--GENERAL INFORMATION | |
| fixed length control field | 140329r19591932enk 001 0 eng |
| 035 ## - SYSTEM CONTROL NUMBER | |
| System control number | (BD-RjUL)28075 |
| 040 ## - CATALOGING SOURCE | |
| Original cataloging agency | DLC |
| Transcribing agency | DLC |
| Modifying agency | DLC |
| -- | BD-RjUL |
| Language of cataloging | eng |
| 041 ## - LANGUAGE CODE | |
| Language code of text/sound track or separate title | eng |
| 082 00 - DEWEY DECIMAL CLASSIFICATION NUMBER | |
| Classification number | 500.201 |
| Edition number | 20 |
| Author mark and year | BUM 1959 |
| 100 1# - MAIN ENTRY--PERSONAL NAME | |
| Personal name | Burtt, Edwin A. |
| Fuller form of name | (Edwin Arthur), |
| Dates associated with a name | 1892- |
| 9 (RLIN) | 85863 |
| 245 14 - TITLE STATEMENT | |
| Title | The metaphysical foundations of modern physical science : |
| Remainder of title | a historical and critical essay / |
| Statement of responsibility, etc. | by Edwin A Burtt. |
| 260 ## - PUBLICATION, DISTRIBUTION, ETC. (IMPRINT) | |
| Place of publication, distribution, etc. | London : |
| Name of publisher, distributor, etc. | Routledge, |
| Date of publication, distribution, etc. | [Reprinted 1959]. |
| 300 ## - PHYSICAL DESCRIPTION | |
| Pagination | xi, 343 p. ; |
| Size | 19 cm. |
| 490 0# - SERIES STATEMENT | |
| Series statement | Doubleday anchor books, |
| Volume/sequential designation | A41 |
| 502 ## - DISSERTATION NOTE | |
| Dissertation note | Issued also as thesis, Columbia University, under title: The metaphysics of Sir Isaac Newton, |
| 504 ## - BIBLIOGRAPHY, ETC. NOTE | |
| Bibliography, etc | Includes bibliographical references and index. |
| 600 10 - SUBJECT ADDED ENTRY--PERSONAL NAME | |
| Personal name | Newton, Isaac, |
| Dates associated with a name | 1642-1727. |
| 650 #0 - SUBJECT ADDED ENTRY--TOPICAL TERM | |
| Topical term or geographic name as entry element | Physical sciences |
| General subdivision | Philosophy |
| -- | History. |
| 9 (RLIN) | 85865 |
| Topical term or geographic name as entry element | Metaphysics |
| General subdivision | History. |
| 9 (RLIN) | 4414 |
| 942 ## - ADDED ENTRY ELEMENTS (KOHA) | |
| Source of classification or shelving scheme | Dewey Decimal Classification |
| Koha item type | Books |
| Lost status | Source of classification or shelving scheme | Damaged status | Not for loan | Collection code | Permanent Location | Current Location | Shelving location | Date acquired | Source of acquisition | Cost, normal purchase price | Total Checkouts | Full call number | Date last seen | Copy number | Koha item type |
|---|---|---|---|---|---|---|---|---|---|---|---|---|---|---|---|
| Dewey Decimal Classification | Non-fiction | Central Library, University of Rajshahi | Central Library, University of Rajshahi | 05/03/1963 | Zetlinger | 28.00 | 500.201 BUM 1959 | 29/03/2014 | C-2 | Books | |||||
| Dewey Decimal Classification | Added to bundle | Non-fiction | Central Library, University of Rajshahi | Central Library, University of Rajshahi | Reading Room | 02/02/1956 | ABC | 20.00 | 500.201 BUM 1950 | 31/03/2014 | C-1 | Books |